000 01144nam0a2200349 i 4500
001 RU\NLR\BIBL_A\010798960
005 20240921112559.0
010 _a9785699800148
_93000
021 _aRU
_b2015-44574
_92642
035 _a(NILC)RuMoRGB-007956454
035 _a(NLR Aleph) 010798960
090 _a10149966
_c10149966
100 _a20150714d2015 um y0rusy50 ca
101 0 _arus
102 _aRU
105 _ay|||z|||000ay
200 1 _aЦвет боли: латекс
_e[роман]
_fЭва Хансен
210 _aМосква
_cЭксмо
_cЯуза
_d2015
215 _a284, [2] с.
_d17
225 1 _aШведский БДСМ-детектив
300 _aЗагл. обл. и корешка: Латекс. Цвет боли
333 _a18+
512 1 _aЛатекс. Цвет боли
686 1 _aШ6(4Шв)67-446(Лх1489-60)
700 1 _7ca
_8rus
_aХансен
_bЭ.
_gЭва
_9224949
_3RU\NLR\AUTH\770225005
801 0 _aRU
_bРГБ
_c20150618
_gRCR
801 1 _aRU
_bРГБ
_c20150618
_2rusmarc
942 _cBOOK
980 _aSUPPRESS
980 _aNBR